1988 Survey of Marketing Research. Organization, functions, budget, compensation

Na minha lista:
Detalhes bibliográficos
Outros Autores: Kinnear, Thomas C.
Formato: Livro
Idioma:inglês
Publicado em: Chicago American Marketing Association 1989
Edição:1. ed.
Assuntos:
Tags: Adicionar Tag
Sem tags, seja o primeiro a adicionar uma tag!

MARC

LEADER 00000nam a2200000 4500
001 c001077
005 20221215113244.3
041 0 |a eng 
044 |a US 
245 1 0 |a 1988 Survey of Marketing Research. Organization, functions, budget, compensation  |c Edit. Thomas C. Kinnear 
250 |a 1. ed. 
264 1 |a Chicago  |b American Marketing Association  |c 1989 
300 |a 75 s.  |e príl. 
610 2 0 |a údaje štatistické 
610 2 0 |a USA 
610 2 0 |a 1988 
610 2 0 |a marketing 
610 2 0 |a výskum 
610 2 0 |a výskum trhu 
610 2 0 |a podnik 
610 2 0 |a rozpočet podnikový 
610 2 0 |a mzdy 
700 1 |a Kinnear, Thomas C.